<?xml version="1.0" encoding="UTF-8"?>
<record
    xmlns:xsi="http://www.w3.org/2001/XMLSchema-instance"
    xsi:schemaLocation="http://www.loc.gov/MARC21/slim http://www.loc.gov/standards/marcxml/schema/MARC21slim.xsd"
    xmlns="http://www.loc.gov/MARC21/slim">

  <leader>01621nam0a2200373   4500</leader>
  <controlfield tag="001">RU\NLR\BIBL_A\011005556</controlfield>
  <controlfield tag="005">20260406074358.0</controlfield>
  <datafield tag="010" ind1=" " ind2=" ">
    <subfield code="a">978-5-17-089937-1</subfield>
    <subfield code="9">1500</subfield>
  </datafield>
  <datafield tag="021" ind1=" " ind2=" ">
    <subfield code="a">RU</subfield>
    <subfield code="b">2016-11905</subfield>
    <subfield code="9">771</subfield>
  </datafield>
  <datafield tag="035" ind1=" " ind2=" ">
    <subfield code="a">(NILC)RuMoRGB-008149310</subfield>
  </datafield>
  <datafield tag="035" ind1=" " ind2=" ">
    <subfield code="a">(NLR Aleph) 011005556</subfield>
  </datafield>
  <datafield tag="090" ind1=" " ind2=" ">
    <subfield code="a">10992982</subfield>
    <subfield code="c">10992982</subfield>
  </datafield>
  <datafield tag="100" ind1=" " ind2=" ">
    <subfield code="a">20160303d2015    |||y0rusy50      ca</subfield>
  </datafield>
  <datafield tag="101" ind1="0" ind2=" ">
    <subfield code="a">rus</subfield>
  </datafield>
  <datafield tag="102" ind1=" " ind2=" ">
    <subfield code="a">RU</subfield>
  </datafield>
  <datafield tag="105" ind1=" " ind2=" ">
    <subfield code="a">a|||z|||000yy</subfield>
  </datafield>
  <datafield tag="200" ind1="1" ind2=" ">
    <subfield code="a">&#x41A;&#x430;&#x43A; &#x437;&#x430;&#x440;&#x430;&#x431;&#x43E;&#x442;&#x430;&#x442;&#x44C;, &#x435;&#x441;&#x43B;&#x438; &#x443;&#x43C;&#x435;&#x435;&#x448;&#x44C; &#x43F;&#x438;&#x441;&#x430;&#x442;&#x44C;</subfield>
    <subfield code="e">[&#x441;&#x43E;&#x432;&#x435;&#x442;&#x44B; &#x43B;&#x438;&#x442;&#x435;&#x440;&#x430;&#x442;&#x443;&#x440;&#x43D;&#x43E;&#x433;&#x43E; &#x430;&#x433;&#x435;&#x43D;&#x442;&#x430; &#x43E; &#x442;&#x43E;&#x43C;, &#x43A;&#x430;&#x43A;: &#x43D;&#x430;&#x439;&#x442;&#x438; &#x441;&#x432;&#x43E;&#x439; &#x443;&#x43D;&#x438;&#x43A;&#x430;&#x43B;&#x44C;&#x43D;&#x44B;&#x439; &#x441;&#x442;&#x438;&#x43B;&#x44C;, &#x43D;&#x430;&#x443;&#x447;&#x438;&#x442;&#x44C;&#x441;&#x44F; &#x441;&#x435;&#x431;&#x44F; &#x440;&#x435;&#x43A;&#x43B;&#x430;&#x43C;&#x438;&#x440;&#x43E;&#x432;&#x430;&#x442;&#x44C;, &#x441;&#x442;&#x430;&#x442;&#x44C; &#x430;&#x432;&#x442;&#x43E;&#x440;&#x43E;&#x43C; &#x43D;&#x430;&#x441;&#x442;&#x43E;&#x44F;&#x449;&#x435;&#x433;&#x43E; &#x431;&#x435;&#x441;&#x442;&#x441;&#x435;&#x43B;&#x43B;&#x435;&#x440;&#x430;]</subfield>
    <subfield code="f">&#x418;&#x440;&#x438;&#x43D;&#x430; &#x413;&#x43E;&#x440;&#x44E;&#x43D;&#x43E;&#x432;&#x430;</subfield>
  </datafield>
  <datafield tag="210" ind1=" " ind2=" ">
    <subfield code="a">&#x41C;&#x43E;&#x441;&#x43A;&#x432;&#x430;</subfield>
    <subfield code="c">&#x410;&#x421;&#x422;</subfield>
    <subfield code="d">2015</subfield>
    <subfield code="d">(&#x43C;&#x430;&#x43A;&#x435;&#x442; ) 2016</subfield>
  </datafield>
  <datafield tag="215" ind1=" " ind2=" ">
    <subfield code="a">347, [1] &#x441;.</subfield>
    <subfield code="c">&#x438;&#x43B;.</subfield>
    <subfield code="d">20</subfield>
  </datafield>
  <datafield tag="225" ind1="1" ind2=" ">
    <subfield code="a">&#x41A;&#x430;&#x43A; &#x436;&#x438;&#x442;&#x44C;</subfield>
  </datafield>
  <datafield tag="320" ind1=" " ind2=" ">
    <subfield code="a">&#x411;&#x438;&#x431;&#x43B;&#x438;&#x43E;&#x433;&#x440;.: &#x441;. 346-348</subfield>
  </datafield>
  <datafield tag="606" ind1="1" ind2=" ">
    <subfield code="a">&#x41B;&#x438;&#x442;&#x435;&#x440;&#x430;&#x442;&#x443;&#x440;&#x43D;&#x43E;&#x435; &#x442;&#x432;&#x43E;&#x440;&#x447;&#x435;&#x441;&#x442;&#x432;&#x43E;</subfield>
    <subfield code="9">1015852</subfield>
    <subfield code="3">RU\NLR\AUTH\6669746</subfield>
  </datafield>
  <datafield tag="606" ind1="1" ind2=" ">
    <subfield code="a">&#x420;&#x435;&#x43A;&#x43B;&#x430;&#x43C;&#x430; &#x432; &#x43A;&#x43D;&#x438;&#x436;&#x43D;&#x43E;&#x439; &#x442;&#x43E;&#x440;&#x433;&#x43E;&#x432;&#x43B;&#x435;</subfield>
    <subfield code="9">1539942</subfield>
    <subfield code="3">RU\NLR\AUTH\66972526</subfield>
  </datafield>
  <datafield tag="606" ind1="1" ind2=" ">
    <subfield code="a">&#x420;&#x435;&#x43A;&#x43B;&#x430;&#x43C;&#x430; &#x432; &#x438;&#x437;&#x434;&#x430;&#x442;&#x435;&#x43B;&#x44C;&#x441;&#x43A;&#x43E;&#x43C; &#x434;&#x435;&#x43B;&#x435;</subfield>
    <subfield code="9">1901763</subfield>
    <subfield code="3">RU\NLR\AUTH\66865863</subfield>
  </datafield>
  <datafield tag="675" ind1=" " ind2=" ">
    <subfield code="a">655</subfield>
  </datafield>
  <datafield tag="686" ind1="1" ind2=" ">
    <subfield code="a">&#x428;402</subfield>
  </datafield>
  <datafield tag="686" ind1="1" ind2=" ">
    <subfield code="a">&#x427;618.11</subfield>
  </datafield>
  <datafield tag="686" ind1="1" ind2=" ">
    <subfield code="a">&#x427;617.1</subfield>
  </datafield>
  <datafield tag="700" ind1=" " ind2="1">
    <subfield code="a">&#x413;&#x43E;&#x440;&#x44E;&#x43D;&#x43E;&#x432;&#x430;</subfield>
    <subfield code="b">&#x418;.&#x421;.</subfield>
    <subfield code="f">1972-</subfield>
    <subfield code="g">&#x418;&#x440;&#x438;&#x43D;&#x430; &#x421;&#x442;&#x43E;&#x44F;&#x43D;&#x43E;&#x432;&#x43D;&#x430;</subfield>
    <subfield code="3">RU\NLR\AUTH\770147212</subfield>
    <subfield code="9">147176</subfield>
  </datafield>
  <datafield tag="801" ind1=" " ind2="0">
    <subfield code="a">RU</subfield>
    <subfield code="b">&#x420;&#x413;&#x411;</subfield>
    <subfield code="c">20160217</subfield>
    <subfield code="g">RCR</subfield>
  </datafield>
  <datafield tag="942" ind1=" " ind2=" ">
    <subfield code="c">BOOK</subfield>
  </datafield>
  <datafield tag="980" ind1=" " ind2=" ">
    <subfield code="a">NB</subfield>
  </datafield>
  <datafield tag="995" ind1=" " ind2=" ">
    <subfield code="5">2016-03-03</subfield>
    <subfield code="a">ad</subfield>
    <subfield code="b">NLR01</subfield>
    <subfield code="c">NLR01</subfield>
    <subfield code="e">RF31</subfield>
    <subfield code="f">1-1378449</subfield>
    <subfield code="k">2016-3/6970</subfield>
    <subfield code="o">0</subfield>
    <subfield code="p">0.00</subfield>
    <subfield code="r">BOOK</subfield>
    <subfield code="s">201636970_</subfield>
  </datafield>
  <datafield tag="995" ind1=" " ind2=" ">
    <subfield code="5">2016-03-03</subfield>
    <subfield code="a">ad</subfield>
    <subfield code="b">NLR01</subfield>
    <subfield code="c">NLR01</subfield>
    <subfield code="e">RF31</subfield>
    <subfield code="f">1-1378453</subfield>
    <subfield code="k">2016-3/6970</subfield>
    <subfield code="o">0</subfield>
    <subfield code="p">0.00</subfield>
    <subfield code="r">BOOK</subfield>
    <subfield code="s">201636970_</subfield>
  </datafield>
</record>
